header

Financing Africa (Record no. 218751)

MARC details
000 -LEADER
fixed length control field 01497nam a2200349 a 4500
082 04 - DEWEY DECIMAL CLASSIFICATION NUMBER
Classification number 332.096
245 00 - TITLE STATEMENT
Title Financing Africa
260 ## - PUBLICATION, DISTRIBUTION, ETC. (IMPRINT)
Place of publication Washington, D.C. :
Name of publisher World Bank,
Year of publication 2011.
300 ## - PHYSICAL DESCRIPTION
Number of Pages xvii, 301 p. :
Other physical details col. ill.
505 0# - FORMATTED CONTENTS NOTE
Formatted contents note Financing Africa: setting the stage -- Landscaping African finance -- Expanding financial systems -- Lengthening financial contracts -- Safeguarding financial systems -- All financial sector policy is local.
650 #0 - SUBJECT ADDED ENTRY--TOPICAL TERM
Topical Term Financial institutions
Topical Term Finance
Topical Term Monetary policy
700 1# - ADDED ENTRY--PERSONAL NAME
Personal name Beck, Thorsten.
856 40 - ELECTRONIC LOCATION AND ACCESS
Uniform Resource Identifier http://site.ebrary.com/lib/rucke/Doc?id=10506381

No items available.

© 2026 Rongo University
Contact us: librarian | system librarian | Rongo university